KOHA-Header-6

Oracle Applications DBA Field Guide (Record no. 10150)

000 -LEADER
fixed length control field 00268nam a2200109Ia 4500
100 ## - MAIN ENTRY--AUTHOR NAME
Personal name Paul Jackson
245 #0 - TITLE STATEMENT
Title Oracle Applications DBA Field Guide
260 ## - PUBLICATION, DISTRIBUTION, ETC. (IMPRINT)
Place of publication India
Name of publisher S. Chand
Year of publication 2008
300 ## - PHYSICAL DESCRIPTION
Number of Pages 200
942 ## - ADDED ENTRY ELEMENTS (KOHA)
Koha item type Books
Holdings
Withdrawn status Lost status Collection code Permanent Location Current Location Shelving location Date acquired Full call number Accession Number Koha item type
    Computer Science MAJU MAJU   2019-09-14 005.4 6262 Computer Science

Powered by Koha